[Event "Mitropa Cup (Women)"]
[Site "Chur"]
[Date "2010.06.02"]
[Round "5"]
[White "Rozic, Vesna"]
[Black "Zimina, Olga"]
[Result "1/2-1/2"]
[WhiteElo "2271"]
[BlackElo "2309"]
[PlyCount "30"]
[EventDate "2010.05.29"]
[EventType "team-tourn"]
[EventRounds "9"]
[EventCountry "SUI"]
[SourceTitle "CBM 136 Extra"]
[Source "ChessBase"]
[SourceDate "2010.07.02"]
[SourceVersion "2"]
[SourceVersionDate "2010.07.15"]
[SourceQuality "1"]
[WhiteTeam "Slovenia (W)"]
[BlackTeam "Italy (W)"]
[WhiteTeamCountry "SLO"]
[BlackTeamCountry "ITA"]

1. d4 Nf6 2. Nf3 d5 3. e3 c5 4. c3 Nbd7 5. Nbd2 g6 6. Bd3 Bg7 7. 0-0 0-0 8. b3 e5 9. Be2 Ne4 10. Bb2 b6 11. Qc2 Bb7 12. Nxe4 dxe4 13. Nxe5 Nxe5 14. dxe5 Bxe5 15. c4 Qc7 1/2-1/2

[Event "Mitropa Cup (Women)"]
[Site "Chur"]
[Date "2010.06.01"]
[Round "4"]
[White "De Seroux, Camille"]
[Black "Rozic, Vesna"]
[Result "0-1"]
[WhiteElo "2028"]
[BlackElo "2271"]
[PlyCount "104"]
[EventDate "2010.05.29"]
[EventType "team-tourn"]
[EventRounds "9"]
[EventCountry "SUI"]
[SourceTitle "CBM 136 Extra"]
[Source "ChessBase"]
[SourceDate "2010.07.02"]
[SourceVersion "2"]
[SourceVersionDate "2010.07.15"]
[SourceQuality "1"]
[WhiteTeam "Switzerland (W)"]
[BlackTeam "Slovenia (W)"]
[WhiteTeamCountry "SUI"]
[BlackTeamCountry "SLO"]

1. e4 e6 2. d4 d5 3. Nd2 c5 4. exd5 exd5 5. Ngf3 Nc6 6. Bb5 Bd6 7. dxc5 Bxc5 8. 0-0 Nge7 9. Nb3 Bd6 10. Re1 0-0 11. Bg5 Qc7 12. Bh4 Nf5 13. Bg3 Nxg3 14. hxg3 Rd8 15. c3 Bg4 16. Be2 a6 17. Qc2 g6 18. Nbd4 Bc5 19. Rad1 Rac8 20. Qd2 Qb6 21. Nh2 Bxe2 22. Rxe2 Nxd4 23. cxd4 Bf8 24. Ng4 Re8 25. Ne5 Qb5 26. Rde1 Bb4 27. Qf4 Rxe5 28. Qxe5 Bxe1 29. Rxe1 Qxb2 30. Qxd5 Qd2 31. Qe5 Rd8 32. Re4 Qxa2 33. Qe7 Qd5 34. Rf4 Rd7 35. Qe3 Kg7 36. Rh4 h5 37. Re4 Rd6 38. g4 hxg4 39. Rxg4 Re6 40. Qc3 Rc6 41. Qe3 Rc8 42. Rg5 Qd6 43. Re5 Rc4 44. Re4 Rc8 45. Re7 b5 46. g3 Rc4 47. Re4 Qc6 48. Kh2 Rc3 49. Qf4 Rc2 50. Kg2 Qd5 51. Qf3 Rc4 52. Kh2 Rxd4 0-1